000 00735nam a2200241 i 4500
001 bg
245 0 0 _aSztuka nauczania.
_n1,
_pCzynności nauczyciela /
_cpod red. Krzysztofa Kruszewskiego.
250 _aWyd.5.
260 _aWarszawa :
_bWydawnictwo Naukowe PWN,
_c1998.
300 _a410, [2] s. :
_b1 wykr. ;
_c24 cm.
504 _aBibliogr. s. 407-408.
521 _aPodręcznik dla studentów kierunków nauczycielskich.
650 9 _aNauczanie
655 _aPodręczniki akademickie
700 1 _aKruszewski, Krzysztof.
_eRed.
020 _a8301119047 (2 t.)
040 _cBPK
041 0 _apol
080 _a371.3(075.8)
920 _a83-01-11904-7 (2 t.)
942 _cKS
008 s pl f |000 0 pol
999 _c33628
_d33628
856 _uhttp://koha.tu.koszalin.pl/cgi-bin/koha/opac-detail.pl?biblionumber=33628
_yKatalog online BPK